Death by meeting : A leadership fable ... about solving the most painful problem in business

Gespeichert in:
Bibliographische Detailangaben
1. Verfasser: Lencioni, Patrick
Format: Buch
Sprache:Undetermined
Veröffentlicht: San Francisco, CA Jossey-Bass 2004
Schlagworte:
Tags: Tag hinzufügen
Keine Tags, Fügen Sie den ersten Tag hinzu!
Thư viện lưu trữ: Trung tâm Học liệu Trường Đại học Cần Thơ
LEADER 00625nam a2200205Ia 4500
001 CTU_128717
008 210402s9999 xx 000 0 und d
020 |c 434000 
082 |a 658.456 
082 |b L563 
100 |a Lencioni, Patrick 
245 0 |a Death by meeting : 
245 2 |b A leadership fable ... about solving the most painful problem in business 
245 0 |c Patrick Lencioni 
260 |a San Francisco, CA 
260 |b Jossey-Bass 
260 |c 2004 
650 |a Business meetings.,Những hội họp trong kinh doanh 
904 |i Minh 
980 |a Trung tâm Học liệu Trường Đại học Cần Thơ